| 000 | 00591nam a22001577a 4500 | ||
|---|---|---|---|
| 999 |
_c60953 _d60953 |
||
| 005 | 20231129121125.0 | ||
| 008 | 231129s1970 ru ||||| |||| 00| 0 rus d | ||
| 041 | _arus | ||
| 080 | _a902/904 П-32 | ||
| 245 |
_aКармир Блур Альбом / _cСоставитель Пиотровский Б. Б. |
||
| 264 |
_aЛенинград: _bАврора, _c1970. |
||
| 300 |
_a125 с.: _bил. ; _c23 см. |
||
| 653 | _aკალმირ ბლური ალბომი | ||
| 700 |
_aПиотровский, Б.Б. _eშემდგენელი _920504 |
||
| 942 |
_2udc _cᲬᲘᲒᲜᲘ |
||